000 00574nam a2200181 i 4500
001 108222
003 ES-MaACL
005 20230906184614.0
007 t|
008 061121s1956 sp r ||||1| spa d
100 1 _aMoll, Francesc de B. (
_d1903-1991)
_982033
245 1 0 _aCurso breve de español para extranjeros /
_cFrancesc de B. Moll.
250 _a2ª ed., reelaborada.
260 _aPalma de Mallorca :
_bEstudio General Luliano,
_c1956.
300 _a212 p. ;
_c17 cm.
650 4 _aLengua española-
_vMétodos.
_9142902
852 _aES-MaACL
_jC-10765
_bR.39144
999 _c108222
_d108222